境内中国历史文化名镇达到3家的直辖市和地级行政区 - Statistics

General Stats
  • This quiz has been taken 36 times
  • The average score is 15 of 30
Answer Stats
数量 地点 % Correct
15家 苏州市
97%
11家 上海市
88%
23家 重庆市
85%
3家 无锡市
85%
7家 成都市
79%
3家 嘉兴市
79%
5家 湖州市
73%
4家 扬州市
70%
3家 黄山市
70%
4家 宁波市
67%
3家 泉州市
64%
4家 绍兴市
61%
3家 泰州市
58%
3家 上饶市
48%
5家 邯郸市
42%
3家 丽水市
42%
3家 宜宾市
36%
3家 南平市
33%
4家 兰州市
30%
4家 泸州市
30%
3家 龙岩市
30%
5家 桂林市
27%
3家 荆州市
27%
5家 晋城市
21%
4家 梅州市
21%
3家 临汾市
21%
5家 宁德市
18%
3家 巴中市
18%
5家 内江市
15%
4家 湘西州
15%
No matching quizzes found
Score Distribution
Percent of People with Each Score
Percentile by Number Answered
Your Score History
You have not taken this quiz